"Wielkanoc" w różnych językach świata - Statystyki

Ogólne statystyki
  • Ten quiz został rozwiązany 13 razy
  • Średni wynik to 6 z 14
Statystyki odpowiedzi
Wielkanoc w tłum. Język % Poprawnych
Великдень (Velykdenʹ) ukraiński
91%
Veľká noc słowacki
73%
pääsiäinen fiński
55%
აღდგომა(aĝdgoma) gruziński
55%
påske duński/norweski
45%
ईस्टर (īsṭar) hindi
45%
Զատիկ (zatik) ormiański
45%
Paști rumuński
45%
Paskalya turecki
45%
húsvét węgierski
45%
פּאַסכע (Pasche) jidysz
36%
عید پاک (Eyd-e Pâk) perski
27%
Paasfees afrikaans
18%
ឣីស្ទ័រ (eistr) khmerski
18%
Nie znaleziono quizów pasujących do podanych kryteriów
Rozkład punktacji
Procent ludzi z każdym wynikiem
Percentyl według liczby udzielonych odpowiedzi
Twoja historia wyników
Nie rozwiązałeś tego quizu